Normal view
MARC view
- D Kraus, John
Entry Personal Name
001 - CONTROL NUMBER
- control field: 105163
003 - CONTROL NUMBER IDENTIFIER
- control field: NUST
005 - DATE AND TIME OF LATEST TRANSACTION
- control field: 20221219101216.0
008 - FIXED-LENGTH DATA ELEMENTS
- fixed length control field: 221219|| aca||aabn | a|a d
040 ## - CATALOGING SOURCE
- Original cataloging agency: NUST
- Transcribing agency: NUST
100 ## - HEADING--PERSONAL NAME
- Personal name: D Kraus, John
670 ## - SOURCE DATA FOUND
- Source citation: Work cat.: (NUST)189251: D Kraus, John , Antennas and wave propogation /, 2010
